Hannover 96 Kader Saison 2024/2025 - Statistiken

Allgemein
  • Dieses Quiz wurde 231 mal gespielt
    50 seit der letzten Aktualisierung
  • Das Durchschnittsergebnis liegt bei 17 aus 26
Antwortstatistiken
Hint Antwort % Korrekt
TW Zieler
100%
ANG Tresoldi
95%
TW Weinkauf
95%
ANG Nielsen
90%
MID Leopold
87%
DEF Neumann
87%
DEF Halstenberg
85%
DEF Dehm
79%
MID Kunze
74%
DEF Muroya
74%
TW Wechsel
74%
DEF Knight
67%
MID Rochelt
67%
DEF Ezeh
64%
ANG Ngankam
62%
ANG Voglsammer
62%
DEF Tomiak
59%
MID Lee
56%
MID Gindorf
51%
MID Christiansen
46%
MID Momuluh
46%
MID Oudenne
46%
DEF Wdowik
36%
MID Chakroun
28%
MID Matondo
21%
MID Besuschkow
0%
Keine übereinstimmenden Quizze gefunden
Verteilung der Resultate
Anzahl Personen mit jedem Resultat
Perzentil nach korrekt beantworteten Fragen
Ihre Resultats-Entwicklung
Sie haben dieses Quiz seit der letzten Aktualisierung nicht gespielt